British Overseas Territories Quiz - Statistics

General Stats
  • This quiz has been taken 1,222 times
  • The average score is 9 of 16
Answer Stats
Overseas Territory % Correct
Bermuda
79%
Falkland Islands
77%
Gibraltar
75%
British Virgin Islands
71%
Cayman Islands
62%
Anguilla
61%
South Georgia and the South Sandwich Islands
57%
Montserrat
55%
British Indian Ocean Territory
54%
Turks and Caicos Islands
54%
Pitcairn Islands
49%
Saint Helena
47%
Ascension Island
46%
British Antarctic Territory
42%
Tristan da Cunha
41%
Akrotiri and Dhekelia
40%
No matching quizzes found
Score Distribution
Percent of People with Each Score
Percentile by Number Answered
Your Score History
You have not taken this quiz